00559nam a2200181 a 45000010010000000030011000100080041000210350026000620820012000881000028001002450048001282600039001766500024002159420012002399520091002519980020003429990015003620000-9717ELIB.Books110520 1990  a(ELIB.Books)0000-9869 aR bLon aLongenecker, Richard N. aWord Biblical Commentary Galatians (vol-41) bWaco: Word Books, Publisher c1990 aBiblical Commentary 2ddccBK 00102ddc4070aKBTSbKBTSd2011-05-20l0p25018r2022-01-22 00:00:00w2022-01-22yBK cbate2011-05-20 c9717d9717